UM Logo

A critical discourse analysis of the 1619 project controversy and its implications for Social Studies educators / (Record no. 18416)

MARC details
000 -LEADER
fixed length control field 00860nam a22001937a 4500
005 - DATE AND TIME OF LATEST TRANSACTION
control field 20250219134607.0
008 - FIXED-LENGTH DATA ELEMENTS--GENERAL INFORMATION
fixed length control field 231114b ||||| |||| 00| 0 eng d
082 ## - DEWEY DECIMAL CLASSIFICATION NUMBER
Classification number DPer 370.763 So131 January-December 2022 v.113 n. 1-6
100 ## - MAIN ENTRY--PERSONAL NAME
Personal name Pickup, Austin J.
Relator term author.
9 (RLIN) 49949
245 ## - TITLE STATEMENT
Title A critical discourse analysis of the 1619 project controversy and its implications for Social Studies educators /
Statement of responsibility, etc. Austin J. Pickup and Aubrey Brammar Southall.
260 ## - PUBLICATION, DISTRIBUTION, ETC. (IMPRINT)
Place of publication, distribution, etc. Philadelphia ;
Name of publisher, distributor, etc. Taylor & Francis Group,
Date of publication, distribution, etc. September-October 2022.
300 ## - PHYSICAL DESCRIPTION
Extent volume 113, pages 223-236.
521 ## - TARGET AUDIENCE NOTE
Target audience note The Social Studies, v. 113, no. 5, pages 223-236, September-October 2022.
650 ## - SUBJECT ADDED ENTRY--TOPICAL TERM
Topical term or geographic name as entry element Social sciences.
9 (RLIN) 49950
650 ## - SUBJECT ADDED ENTRY--TOPICAL TERM
Topical term or geographic name as entry element Teachers.
9 (RLIN) 49951
700 ## - ADDED ENTRY--PERSONAL NAME
Personal name Pickup, Austin J.
Relator term author.
9 (RLIN) 49949
700 ## - ADDED ENTRY--PERSONAL NAME
Personal name Southall, Aubrey Brammar.
Relator term author.
9 (RLIN) 49952
942 ## - ADDED ENTRY ELEMENTS (KOHA)
Source of classification or shelving scheme Dewey Decimal Classification
Koha item type Periodicals
Holdings
Withdrawn status Lost status Source of classification or shelving scheme Damaged status Not for loan Collection code Home library Current library Date acquired Total Checkouts Full call number Date last seen Price effective from Koha item type Public note
    Dewey Decimal Classification     Periodicals UM Digos College - LIC UM Digos College - LIC 11/14/2023   DPer 370.763 So131 January-December 2022 v.113 n. 1-6 11/14/2023 11/14/2023 Periodicals Periodical Article